000 00595nam a2200217Ia 4500
005 20241129115610.0
008 241129s9999||||xx |||||||||||||| ||und||
020 _a9781529768602
037 _aTB
040 _aSDCL
_beng
_cSDCL
041 _aeng
_2eng
084 _aB281N07 R2
_qSDCL
100 _aSlater Mel
_9727865
245 0 _aBayesian methods in statistics : From concepts to practice
260 _aNew Delhi
_bSage
_c2022
300 _axxvii,239p.
365 _aGBP
_b36.99
650 _aApplied Psychology
942 _cTB
_hB281N07 R2
999 _c1231153
_d1231153